Missiology : (Record no. 21372)

MARC details
000 -LEADER
fixed length control field 01369cam a2200373 a 4500
001 - CONTROL NUMBER
control field 2613481
003 - CONTROL NUMBER IDENTIFIER
control field OSt
005 - DATE AND TIME OF LATEST TRANSACTION
control field 20260313120039.0
008 - FIXED-LENGTH DATA ELEMENTS--GENERAL INFORMATION
fixed length control field 980306s1998 tnua b 001 0 eng
010 ## - LIBRARY OF CONGRESS CONTROL NUMBER
LC control number 98003541
020 ## - INTERNATIONAL STANDARD BOOK NUMBER
International Standard Book Number 0805410759
Qualifying information pbk.
020 ## - INTERNATIONAL STANDARD BOOK NUMBER
International Standard Book Number 9780805410754
Qualifying information (pbk.)
035 ## - SYSTEM CONTROL NUMBER
System control number 2613481
040 ## - CATALOGING SOURCE
Original cataloging agency DLC
Transcribing agency DLC
Modifying agency DLC
050 00 - LIBRARY OF CONGRESS CALL NUMBER
Classification number BV2061
Item number .M56 1998
082 00 - DEWEY DECIMAL CLASSIFICATION NUMBER
Classification number 266
Edition number 21
245 00 - TITLE STATEMENT
Title Missiology :
Remainder of title an introduction to the foundations, history, and strategies of world missions /
Statement of responsibility, etc. edited by John Mark Terry, Ebbie Smith and Justice Anderson.
260 ## - PUBLICATION, DISTRIBUTION, ETC. (IMPRINT)
Place of publication, distribution, etc. Nashville, Tenn. :
Name of publisher, distributor, etc. Broadman & Holman Publishers,
Date of publication, distribution, etc. c1998.
300 ## - PHYSICAL DESCRIPTION
Extent ix, 750 p. :
Other physical details ill. ;
Dimensions 23 cm.
336 ## - CONTENT TYPE
Content type term text
Content type code txt
Source rdacontent
337 ## - MEDIA TYPE
Media type term unmediated
Media type code n
Source rdamedia
338 ## - CARRIER TYPE
Carrier type term volume
Carrier type code nc
Source rdacarrier
504 ## - BIBLIOGRAPHY, ETC. NOTE
Bibliography, etc Includes bibliographical references (p. 685-732) and indexes.
610 20 - SUBJECT ADDED ENTRY--CORPORATE NAME
Corporate name or jurisdiction name as entry element Southern Baptist Convention
General subdivision Missions.
650 #0 - SUBJECT ADDED ENTRY--TOPICAL TERM
Topical term or geographic name as entry element Missions.
650 #0 - SUBJECT ADDED ENTRY--TOPICAL TERM
Topical term or geographic name as entry element Baptists
General subdivision Missions.
700 1# - ADDED ENTRY--PERSONAL NAME
Personal name Terry, John Mark,
Dates associated with a name 1949-
700 1# - ADDED ENTRY--PERSONAL NAME
Personal name Smith, Ebbie C.
700 1# - ADDED ENTRY--PERSONAL NAME
Personal name Anderson, Justice,
Dates associated with a name 1929-
906 ## - LOCAL DATA ELEMENT F, LDF (RLIN)
a 7
b cbc
c orignew
d 1
e ocip
f 19
g y-gencatlg
942 ## - ADDED ENTRY ELEMENTS (KOHA)
Source of classification or shelving scheme Library of Congress Classification
Koha item type General Collection
Holdings
Withdrawn status Lost status Source of classification or shelving scheme Not for loan Home library Current library Shelving location Date acquired Source of acquisition Inventory number Total Checkouts Full call number Barcode Date last seen Copy number Price effective from Koha item type
    Library of Congress Classification   Kabarak, Main Campus Kabarak, Main Campus General Stacks 13/03/2026 Donation 2025/3654   BV2061 .M56 1998 C.1 38769 13/03/2026 C.1 13/03/2026 General Collection
Designed with assistance from East African Informatics Ltd